000 00320nam a22001457a 4500
008 230403b ||||| |||| 00| 0 eng d
020 _a9780521483292
041 _aeng
080 _a030
082 _a030GAU
100 _a42
101 _aENCIKLO
245 _aA HISTORY OF HYPNOTISM
_cALAN GAULD
942 _2udc
_cBK
999 _c59490
_d59490